| 000 | 00576nam a2200205 4500 | ||
|---|---|---|---|
| 003 | OSt | ||
| 005 | 20260530113855.0 | ||
| 008 | 260508b1977 |||a|||| |||| 001 0 spa d | ||
| 020 | _a8425206693 | ||
| 040 |
_aICI _bspa _cICI |
||
| 050 |
_aTR820.5 _b.C6518 |
||
| 100 | 1 |
_aBienal de Venecia _931641 |
|
| 245 | 1 | 0 |
_aBienal de Venecia _bFotografía de guerra. España 1936-1939 |
| 264 | 1 |
_bGustavo Gili Barcelona _c1977 _aEspaña |
|
| 300 | _a231 páginas | ||
| 336 |
_atexto _2rdacontent |
||
| 337 |
_asin medio _2rdamedia |
||
| 338 |
_avolumen _2rdacarrier |
||
| 942 |
_2lcc _cBK _n1 |
||
| 999 |
_c11589 _d11589 |
||